UITU Library & LRC     

LTE-Link Level Simulation with MAT LAB (Record no. 33585)

MARC details
000 -LEADER
fixed length control field 00469nam a2200133Ia 4500
008 - FIXED-LENGTH DATA ELEMENTS--GENERAL INFORMATION
fixed length control field 260210s9999 xx 000 0 und d
024 ## - OTHER STANDARD IDENTIFIER
Standard number or code 07B-018-TE, 07B-029-TE08, B-026-TE & 08B-0135-TE
082 ## - DEWEY DECIMAL CLASSIFICATION NUMBER
Classification number 621.3845072 OSM
100 ## - MAIN ENTRY--PERSONAL NAME
Personal name Abas osman, Ahmed Dahir, Osama Ahmed & Yasir Mohmad
245 #0 - TITLE STATEMENT
Title LTE-Link Level Simulation with MAT LAB
260 ## - PUBLICATION, DISTRIBUTION, ETC.
Place of publication, distribution, etc. Karachi:
Name of publisher, distributor, etc. UITU,
Date of publication, distribution, etc. 2008
600 ## - SUBJECT ADDED ENTRY--PERSONAL NAME
Personal name Telecommunication Engineering
650 ## - SUBJECT ADDED ENTRY--TOPICAL TERM
Topical term or geographic name entry element Bachelor of Engineering (BE)

No items available.

Powered by Koha